000 00652nam a2200181 i 4500
001 79763
003 ES-MaACL
005 20230906174040.0
007 t|
008 041025s1948 sp ||||1| spa d
100 1 _aHerrero, Miguel.
_963276
245 1 0 _aEntremés de Don Quijote /
_cMiguel Herrero.
260 _aMadrid :
_bConsejo Superior de Investigaciones Científicas,
_c1948.
300 _a18 p. ;
_c24 cm.
500 _aSuplemento nº 1 de la Revista bibliográfica y documental, (T. 2, 1948, núms. 1 y 2, enero-junio)
710 2 _aConsejo Superior de Investigaciones Científicas (España)
_93236
852 _aES-MaACL
_j1888-F-5
_bR.26090
999 _c79763
_d79763